[Event "8th RTU Open 2018"]
[Site "Riga"]
[Date "2018.08.11"]
[Round "8"]
[White "Praggnanandhaa, R."]
[Black "Kjartansson, Gudmundur"]
[Result "0-1"]
[WhiteElo "2532"]
[BlackElo "2434"]
[Annotator "ChessBase"]
[PlyCount "164"]
[EventDate "2018.08.06"]
[EventType "swiss"]
[EventCountry "LAT"]
[SourceTitle "playchess.com"]
[Source "ChessBase"]
[SourceQuality "1"]
[TimeControl "5400+30"]

1. e4 {[%emt 0:00:21]} c6 {[%emt 0:00:00]} 2. d4 {[%emt 0:00:32]} d5 {[%emt 0:00:00]} 3. Nd2 {[%emt 0:00:08]} dxe4 {[%emt 0:00:00]} 4. Nxe4 {[%emt 0:00:04]} Bf5 {[%emt 0:00:06]} 5. Qf3 {[%emt 0:00:09]} e6 {[%emt 0:03:47]} 6. c3 {[%emt 0:05:43]} Nf6 {[%emt 0:05:36]} 7. Ng3 {[%emt 0:12:31]} Bg6 {[%emt 0:01:55]} 8. Nh3 {[%emt 0:04:01]} Nd5 {[%emt 0:05:11]} 9. Bc4 {[%emt 0:03:36]} Nd7 {[%emt 0:09:49]} 10. Nf4 {[%emt 0:06:34]} Nxf4 {[%emt 0:02:50]} 11. Bxf4 {[%emt 0:00:14]} Nb6 {[%emt 0:01:44]} 12. Bb3 {[%emt 0:00:37]} Nd5 {[%emt 0:04:14]} 13. Be5 {[%emt 0:09:50]} f6 {[%emt 0:02:52]} 14. Bf4 {[%emt 0:01:20]} Bd6 {[%emt 0:11:22]} 15. Bd2 {[%emt 0:09:16]} b5 {[%emt 0:00:17]} 16. a4 {[%emt 0:03:34]} a6 {[%emt 0:02:32]} 17. Qe2 {[%emt 0:04:14]} Kf7 {[%emt 0:06:21]} 18. O-O {[%emt 0:04:58]} Bxg3 {[%emt 0:22:40]} 19. fxg3 {[%emt 0:06:05]} h5 {[%emt 0:01:22]} 20. h3 {[%emt 0:03:12]} Qd6 {[%emt 0:06:17]} 21. Bf4 {[%emt 0:05:35]} Qd7 {[%emt 0:00:16]} 22. g4 {[%emt 0:02:55]} hxg4 {[%emt 0:00:36]} 23. Qxg4 {[%emt 0:00:15]} Bd3 {[%emt 0:05:43]} 24. Rf2 {[%emt 0:00:57]} f5 {[%emt 0:00:48]} 25. Be5 {[%emt 0:02:50]} Nf6 {[%emt 0:00:38]} 26. Rxf5 {[%emt 0:02:35]} Bxf5 {[%emt 0:01:31]} 27. Qxf5 {[%emt 0:00:03]} bxa4 {[%emt 0:03:07]} 28. Bc4 {[%emt 0:01:04]} c5 {[%emt 0:01:40]} 29. Rf1 {[%emt 0:02:30]} Rh6 {[%emt 0:00:32]} 30. dxc5 {[%emt 0:00:53]} Re8 {[%emt 0:00:28]} 31. Qf3 {[%emt 0:01:34]} Kg8 {[%emt 0:00:33]} 32. c6 {[%emt 0:00:05]} Qe7 {[%emt 0:00:34]} 33. c7 {[%emt 0:02:18]} Qc5+ {[%emt 0:00:16]} 34. Kh1 {[%emt 0:00:16]} Qxc4 {[%emt 0:00:33]} 35. Rd1 {[%emt 0:00:14]} Nd5 {[%emt 0:00:42]} 36. Qg3 {[%emt 0:02:07]} Re7 {[%emt 0:00:27]} 37. Rd4 {[%emt 0:00:34]} Qc6 {[%emt 0:00:33]} 38. Qg5 {[%emt 0:02:00]} Rxc7 {[%emt 0:00:35]} 39. Bxg7 {[%emt 0:00:17]} Rxg7 {[%emt 0:00:21]} 40. Qxh6 {[%emt 0:00:01]} Qe8 {[%emt 0:00:38]} 41. c4 {[%emt 0:00:41]} Nc7 {[%emt 0:00:31]} 42. Rh4 {[%emt 0:00:22]} Qg6 {[%emt 0:00:29]} 43. Qh8+ {[%emt 0:00:04]} Kf7 {[%emt 0:00:02]} 44. Rf4+ {[%emt 0:00:43]} Ke7 {[%emt 0:00:04]} 45. Qf8+ {[%emt 0:00:29]} Kd7 {[%emt 0:00:01]} 46. Rd4+ {[%emt 0:00:07]} Kc6 {[%emt 0:00:20]} 47. Qf3+ {[%emt 0:03:58]} Kc5 {[%emt 0:00:21]} 48. Rd2 {[%emt 0:00:30]} Qg3 {[%emt 0:00:46]} 49. Qf8+ {[%emt 0:00:50]} Kc6 {[%emt 0:00:28]} 50. Qb4 {[%emt 0:00:35]} Rf7 {[%emt 0:01:40]} 51. Qxa4+ {[%emt 0:00:29]} Kb7 {[%emt 0:00:16]} 52. Qd1 {[%emt 0:00:22]} Rf2 {[%emt 0:01:03]} 53. Rxf2 {[%emt 0:00:15]} Qxf2 {[%emt 0:00:02]} 54. b4 {[%emt 0:00:39]} Kc8 {[%emt 0:00:48]} 55. b5 {[%emt 0:00:45]} axb5 {[%emt 0:00:16]} 56. cxb5 {[%emt 0:00:02]} Nxb5 {[%emt 0:00:25]} 57. Qd3 {[%emt 0:01:04]} Nd4 {[%emt 0:00:35]} 58. Qe4 {[%emt 0:00:13]} Kd7 {[%emt 0:00:24]} 59. Qb7+ {[%emt 0:00:46]} Kd6 {[%emt 0:00:14]} 60. Qb8+ {[%emt 0:00:19]} Kd5 {[%emt 0:00:41]} 61. Qd8+ {[%emt 0:00:25]} Ke4 {[%emt 0:00:53]} 62. Qa8+ {[%emt 0:00:01]} Ke3 {[%emt 0:00:42]} 63. Qa3+ {[%emt 0:00:02]} Ke4 {[%emt 0:00:27]} 64. Qa8+ {[%emt 0:00:02]} Ke3 {[%emt 0:00:14]} 65. Qa3+ {[%emt 0:00:01]} Kf4 {[%emt 0:00:39]} 66. Qf8+ {[%emt 0:01:25]} Nf5 {[%emt 0:00:09]} 67. Qb4+ {[%emt 0:00:41]} Qd4 {[%emt 0:00:37]} 68. Qb3 {[%emt 0:01:13]} Qe3 {[%emt 0:00:49]} 69. Qb4+ {[%emt 0:00:40]} Qd4 {[%emt 0:00:34]} 70. Qb3 {[%emt 0:00:01]} e5 {[%emt 0:00:29]} 71. Kh2 {[%emt 0:00:03]} e4 {[%emt 0:00:24]} 72. g3+ {[%emt 0:00:47]} Ke5 {[%emt 0:00:33]} 73. Qb5+ {[%emt 0:00:16]} Qd5 {[%emt 0:00:30]} 74. Qb2+ {[%emt 0:00:20]} Ke6 {[%emt 0:00:27]} 75. Qb6+ {[%emt 0:00:10]} Qd6 {[%emt 0:00:23]} 76. Qb3+ {[%emt 0:00:04]} Kf6 {[%emt 0:00:18]} 77. h4 {[%emt 0:01:06]} e3 {[%emt 0:00:39]} 78. Qb2+ {[%emt 0:00:44]} Kg6 {[%emt 0:00:31]} 79. Qg2 {[%emt 0:00:14]} Qd2 {[%emt 0:00:25]} 80. Kh3 {[%emt 0:00:03]} Qxg2+ {[%emt 0:00:24]} 81. Kxg2 {[%emt 0:00:01]} e2 {[%emt 0:00:14]} 82. Kf2 {[%emt 0:00:09]} Nxg3 {[%emt 0:00:04]} 0-1

[Event "8th RTU Open 2018"]
[Site "Riga"]
[Date "2018.08.11"]
[Round "8"]
[White "Meskovs, Nikita"]
[Black "Predke, Alexandr"]
[Result "1/2-1/2"]
[WhiteElo "2524"]
[BlackElo "2606"]
[Annotator "TA"]
[PlyCount "111"]
[EventDate "2018.08.06"]
[EventType "swiss"]
[EventCountry "LAT"]
[SourceTitle "playchess.com"]
[Source "ChessBase"]
[SourceQuality "1"]

{[%evp 19,111,12,15,0,0,0,0,0,0,0,0,0,5,0,36,21,50,44,43,55,48,18,26,23,17,10,45,51,75,82,80,75,73,58,64,0,54,14,21,21,21,21,23,23,34,31,23,25,26,29,79,80,88,102,61,61,61,61,168,147,153,27,27,22,61,61,61,61,61,61,61,61,61,61,61,52,52,52,52,25,25,25,25,25,25,18,25,25,25,25,25,8,8,0]} 1. d4 Nf6 2. c4 e6 3. Nf3 b6 4. g3 Bb7 5. Bg2 Bb4+ 6. Bd2 Be7 7. Nc3 c6 {[%cal Bc7c6,Bc6c5][%mdl 32]} 8. O-O O-O 9. Rc1 {E16: Damenindisch (Hauptfortsetzung mit Lb4)} (9. Qb3 d5 10. Rfd1 {½-½ (10) Yilmaz,M (2621)-Predke,A (2603) Sarajevo 2018}) 9... d5 10. Bf4 Nh5 {LiveBook: 27 Partien} 11. Bd2 dxc4 $146 ({Vorgänger:} 11... a5 12. Ne5 Nf6 13. Bf4 Na6 14. e4 Rc8 15. Qe2 c5 16. Rfd1 cxd4 17. Rxd4 {1-0 (38) Korley,K (2390)-Sorensen,P (2021) Ballerup 2014}) 12. e3 c5 13. Ne5 Bxg2 14. Kxg2 Nf6 15. Qf3 Na6 16. Nb5 {[%cal Bc3b5,Bb5d4,Bd4c6][%mdl 32]} cxd4 17. Nxd4 Qd5 18. Ndc6 $36 {[%mdl 2048] Weiss steht aktiver.} Bc5 19. Rxc4 Nb8 20. Qxd5 (20. Nxb8 {keeps more tension.} Rfxb8 21. Qxd5 exd5 22. Rc2 Ne4 23. Rd1) 20... exd5 21. Ra4 Nxc6 22. Nxc6 Rfc8 23. Rxa7 Rxa7 24. Nxa7 Ra8 25. Nb5 $1 Rxa2 26. Bc3 Ne4 27. Kf3 (27. Rb1 $14) 27... Bb4 ({Günstiger ist} 27... Nd2+ $11 28. Bxd2 Rxb2) 28. Rd1 Bxc3 29. Nxc3 Rxb2 30. Rxd5 $11 {[%cal Rd5d8][%mdl 4096] Endspiel KTS-KTS} Nd2+ 31. Ke2 {[%cal Rd5d8]} Ne4+ $1 32. Ke1 {[%cal Rd5d8]} f5 $1 33. Nxe4 fxe4 {KT-KT} 34. Rd4 b5 35. Rxe4 b4 36. Re7 $1 b3 37. Rb7 h5 38. h4 Kh7 {[#]} ({Besser ist} 38... g6 $14) 39. e4 $1 $18 Kg6 {[#]} 40. Rb6+ (40. Rb5 $1 $16) 40... Kf7 $11 41. e5 Rb1+ 42. Ke2 b2 43. Kf3 $1 {[%cal Rf3f4] Und Kf4 würde nun gewinnen.} Re1 $1 44. Rxb2 {Te2 ist eine echte Drohung.} Rxe5 45. Kf4 Ra5 46. Rb4 g6 47. f3 Rf5+ 48. Ke4 Ra5 49. g4 hxg4 50. fxg4 Ra7 51. Kf4 Kg7 52. Rd4 Rf7+ 53. Kg5 {Und weiter mit Td6 wäre nett.} Ra7 54. Rd5 Rb7 55. h5 gxh5 56. gxh5 {Precision: Weiß = 56%, Schwarz = 60%.} 1/2-1/2

[Event "8th RTU Open 2018"]
[Site "Riga"]
[Date "2018.08.11"]
[Round "8"]
[White "Dragnev, Valentin"]
[Black "Korchmar, Vasiliy"]
[Result "0-1"]
[WhiteElo "2509"]
[BlackElo "2415"]
[Annotator "ChessBase"]
[PlyCount "100"]
[EventDate "2018.08.06"]
[EventType "swiss"]
[EventCountry "LAT"]
[SourceTitle "playchess.com"]
[Source "ChessBase"]
[SourceQuality "1"]
[TimeControl "5400+30"]

1. d4 {[%emt 0:00:00]} Nf6 {[%emt 0:00:00]} 2. c4 {[%emt 0:00:00]} e6 {[%emt 0:00:10]} 3. Nf3 {[%emt 0:00:00]} d5 {[%emt 0:00:06]} 4. Nc3 {[%emt 0:00:00]} Bb4 {[%emt 0:00:07]} 5. Bd2 {[%emt 0:00:04]} O-O {[%emt 0:02:42]} 6. e3 {[%emt 0:03:04]} b6 {[%emt 0:00:43]} 7. cxd5 {[%emt 0:00:04]} exd5 {[%emt 0:00:05]} 8. Rc1 {[%emt 0:00:04]} Re8 {[%emt 0:10:40]} 9. Bd3 {[%emt 0:03:41]} Ba6 {[%emt 0:00:13]} 10. Bxa6 {[%emt 0:00:29]} Nxa6 {[%emt 0:00:05]} 11. Qa4 {[%emt 0:00:06]} Qc8 {[%emt 0:00:10]} 12. O-O {[%emt 0:00:10]} Bf8 {[%emt 0:00:54]} 13. a3 {[%emt 0:09:19]} c5 {[%emt 0:02:57]} 14. dxc5 {[%emt 0:02:03]} bxc5 {[%emt 0:06:37]} 15. b3 {[%emt 0:22:31]} Qb7 {[%emt 0:07:48]} 16. Rfd1 {[%emt 0:00:35]} Nc7 {[%emt 0:04:11]} 17. Ne2 {[%emt 0:03:06]} Re4 {[%emt 0:07:01]} 18. Qa5 {[%emt 0:08:45]} Re6 {[%emt 0:00:49]} 19. Qc3 {[%emt 0:03:44]} Ra6 {[%emt 0:07:03]} 20. Ra1 {[%emt 0:09:05]} Rb6 {[%emt 0:01:02]} 21. Nc1 {[%emt 0:00:12]} a5 {[%emt 0:07:04]} 22. a4 {[%emt 0:02:29]} Ne4 {[%emt 0:02:00]} 23. Qd3 {[%emt 0:01:02]} Be7 {[%emt 0:05:21]} 24. Be1 {[%emt 0:01:12]} Bf6 {[%emt 0:00:08]} 25. Ra2 {[%emt 0:00:21]} h6 {[%emt 0:06:53]} 26. Rc2 {[%emt 0:01:19]} Rd6 {[%emt 0:03:47]} 27. Ne2 {[%emt 0:10:53]} c4 {[%emt 0:02:04]} 28. bxc4 {[%emt 0:03:20]} dxc4 {[%emt 0:00:02]} 29. Qxd6 {[%emt 0:00:34]} Nxd6 {[%emt 0:00:04]} 30. Rxd6 {[%emt 0:00:02]} Qb3 {[%emt 0:00:54]} 31. Ned4 {[%emt 0:00:11]} Qxa4 {[%emt 0:01:20]} 32. Rc6 {[%emt 0:00:12]} Nd5 {[%emt 0:09:32]} 33. R2xc4 {[%emt 0:04:03]} Nb4 {[%emt 0:00:46]} 34. g3 {[%emt 0:03:51]} Qa1 {[%emt 0:03:34]} 35. Rc1 {[%emt 0:07:01]} Qb2 {[%emt 0:00:01]} 36. R6c3 {[%emt 0:03:24]} Nd3 {[%emt 0:08:12]} 37. R1c2 {[%emt 0:00:19]} Qb1 {[%emt 0:01:03]} 38. Rb3 {[%emt 0:00:20]} Qa1 {[%emt 0:02:14]} 39. Rxd3 {[%emt 0:00:07]} a4 {[%emt 0:00:10]} 40. Kg2 {[%emt 0:01:27]} a3 {[%emt 0:00:20]} 41. Bc3 {[%emt 0:00:40]} Qb1 {[%emt 0:00:01]} 42. Nd2 {[%emt 0:00:13]} Qb7+ {[%emt 0:00:16]} 43. Kg1 {[%emt 0:00:38]} Qa6 {[%emt 0:00:13]} 44. Nb5 {[%emt 0:00:49]} Qxb5 {[%emt 0:00:06]} 45. Rd6 {[%emt 0:00:14]} Bxc3 {[%emt 0:00:21]} 46. Rxc3 {[%emt 0:00:01]} a2 {[%emt 0:00:08]} 47. Nb3 {[%emt 0:00:09]} a1=Q+ {[%emt 0:01:32]} 48. Nxa1 {[%emt 0:00:03]} Rxa1+ {[%emt 0:00:04]} 49. Kg2 {[%emt 0:00:04]} Qf1+ {[%emt 0:00:10]} 50. Kf3 {[%emt 0:00:01]} Ra2 {[%emt 0:00:13]} 0-1

[Event "8th RTU Open 2018"]
[Site "Riga"]
[Date "2018.08.11"]
[Round "8"]
[White "Maiorov, Nikita"]
[Black "Hovhannisyan, Robert"]
[Result "0-1"]
[WhiteElo "2504"]
[BlackElo "2608"]
[Annotator "TA"]
[PlyCount "84"]
[EventDate "2018.08.06"]
[EventType "swiss"]
[EventCountry "LAT"]
[SourceTitle "playchess.com"]
[Source "ChessBase"]
[SourceQuality "1"]

{[%evp 30,84,14,8,16,0,0,0,10,-120,-113,-118,-127,-122,-124,-119,-120,-125,-136,-118,-95,-119,-139,-135,-125,-94,-33,-298,-290,-307,-280,-295,-287,-372,-355,-525,-527,-488,-456,-594,-689,-684,-645,-673,-661,-611,-555,-522,-543,-656,-549,-734,-724,-1178,-1043,-1165,-1131]} 1. d4 {Krasenkow,M} d5 2. c4 e6 3. Nc3 c6 4. e3 Nf6 5. Nf3 Nbd7 6. Qc2 Bd6 7. Be2 O-O 8. O-O dxc4 9. Bxc4 b5 10. Be2 Bb7 11. e4 e5 12. dxe5 {D46: Damengambit (Halbslawisch)} Nxe5 13. Nd4 Neg4 14. g3 Bc5 15. Nf5 Re8 16. Bf4 {[#] LiveBook: 20 Partien} Bxf2+ $146 ({Vorgänger:} 16... Qb6 17. Kg2 g6 18. h3 Ne5 19. Nh6+ Kg7 {½-½ (32) Nakamura,H (2790)-Giri,A (2793) Moscow 2016 CBM 172 [Krasenkow,M]}) 17. Rxf2 Nxf2 18. Kxf2 {Und Sd6 würde nun gewinnen.} b4 19. Na4 (19. e5 $11 {hält das Gleichgewicht.} bxc3 20. exf6 Qxf6 21. Nd6 (21. bxc3 g5 $17)) 19... Nxe4+ $17 {[%cal Bf6e4,Be4d6,Bd6b5][%mdl 32]} 20. Kg1 Qf6 $1 {[%cal Rf6f5]} 21. Ne3 g5 22. Ng4 Qg7 $1 23. Be3 h5 $36 {[%mdl 2048] Läuft bei Schwarz.} 24. Bd3 Nd6 $1 25. Qc5 hxg4 26. Bd4 Qh6 27. Rf1 {[#] Droht stark Tf6.} Re6 (27... f5 $1 $17 {Weiss muss nun ...a5 beachten.} 28. Qxb4 (28. Bxf5 Ba6) 28... Bc8) 28. Qc1 $2 {[%mdl 8192]} (28. Qxb4 $15 Nb5 29. Nc5) 28... Nb5 $19 29. Bc5 Rae8 30. Bc4 Rf6 31. Rd1 Bc8 32. Be3 (32. Bxb4 $142 Be6 33. Bxb5 cxb5 34. Nc3) 32... Rd6 {Schwarz steht klar auf Gewinn.} 33. Re1 Qg7 {zielt auf ...Sd4 ab.} 34. Bxb5 cxb5 35. Nc5 Rd5 36. Rf1 Qe5 37. Bf2 {Falls Weiss jetzt zu Te1 käme, bestünde noch etwas Hoffnung.} Red8 38. Re1 Qf5 39. b3 Be6 40. Ne4 Re5 41. Qc7 {[#]} Rdd5 $1 42. Qc2 Qg6 {Precision: Weiß = 44%, Schwarz = 84%.} 0-1

[Event "8th RTU Open 2018"]
[Site "Riga"]
[Date "2018.08.11"]
[Round "8"]
[White "Thybo, Jesper Sondergaard"]
[Black "Ruiz Castillo, Joshua Daniel"]
[Result "0-1"]
[WhiteElo "2496"]
[BlackElo "2415"]
[Annotator "TA"]
[PlyCount "156"]
[EventDate "2018.08.06"]
[EventType "swiss"]
[EventCountry "LAT"]
[SourceTitle "playchess.com"]
[Source "ChessBase"]
[SourceQuality "1"]

{[%evp 28,156,22,10,15,6,23,13,17,0,-8,-53,-62,-52,-48,-57,-47,-59,-52,-123,-73,-83,-72,-98,-62,-60,-71,-50,-39,-37,-40,-56,-22,-20,-20,-25,-17,-19,-8,-20,0,0,0,0,0,-5,8,0,0,0,0,0,0,-19,-19,-19,-19,-19,-19,-19,-19,-41,-8,-8,-22,-62,-60,-53,-37,-12,-12,-12,-12,-12,-12,-13,0,0,0,0,0,0,0,0,0,0,0,0,0,0,0,0,0,0,0,0,0,0,0,-8,-9,-175,-70,-200,-200,-338,-339,-273,-273,-273,-127,-273,-273,-273,-231,-471,-440,-753,-707,-919,-861,-681,-612,-567,-498,-1052,-975,-762,-695,-1607,-1493]} 1. c4 {Tsesarsky,I} c5 2. Nf3 Nc6 3. d4 cxd4 4. Nxd4 g6 5. e4 Nf6 6. Nc3 d6 7. Be2 Nxd4 8. Qxd4 Bg7 9. Be3 O-O 10. Qd2 Be6 11. Rc1 Qa5 12. f3 Rfc8 13. b3 Nd7 {B36: Sizilianisch (Maroczy-Aufbau)} (13... a6 14. Na4 Qxd2+ 15. Kxd2 Nd7 16. g4 f5 17. gxf5 gxf5 18. Rhg1 Kh8 19. Bd3 f4 20. Bf2 Bf6 21. Nb6 Nxb6 22. Bxb6 Rg8 23. a4 Rxg1 24. Rxg1 a5 {½-½ (75) Malakhov,V (2686)-Guseinov,G (2646) Riadh 2017}) 14. Nb5 Qxd2+ 15. Kxd2 {LiveBook: 3 Partien} a5 {Die Stellung ist ausgeglichen.} 16. Nd4 Nc5 17. g4 $146 ({Vorgänger:} 17. Rc2 Bd7 18. g4 Na6 19. a4 {0-1 (80) Vokarev,S (2310)-Rashkovsky,N (2530) Elista 1996 CBM 056 [Tsesarsky,I]}) 17... Bd7 18. Nc2 Ne6 19. f4 Bc6 20. Bf3 Nc5 21. Bxc5 dxc5 22. a4 e5 23. fxe5 (23. f5 $1 $15) 23... Bxe5 24. Ne3 Bf4 25. Rce1 Re8 26. Kd3 Bxe3 27. Kxe3 f6 28. Rd1 Kf7 29. Rd6 Re5 30. Rhd1 Rae8 {[%cal Rc6e4]} 31. Rd8 R8e7 {[%cal Rc6e4]} 32. Kf2 Bxe4 33. Re1 $1 Bc2 34. Bd5+ Kg7 35. Rxe5 fxe5 $11 {[%mdl 4096] Endspiel KTL-KTL} 36. Rg8+ Kf6 $132 {[%mdl 2048] Schwarz puts up resistance} 37. Rf8+ Kg5 38. Kg3 {[#] Weiss will mit h4+ Matt setzen.} h5 39. h4+ Kh6 {Droht ...hxg4 und aus.} 40. gxh5 gxh5 41. Rf6+ Kg7 42. Rb6 e4 {[%cal Be5e4,Be4e3][%mdl 32] zielt auf ...e3 ab.} 43. Kf2 e3+ 44. Ke1 Bd3 45. Bf3 Rf7 46. Be2 Be4 {...Lc6 ist eine echte Drohung.} 47. Bxh5 Rf4 48. Re6 $1 Rxh4 {Und ...Lf5 würde nun gewinnen.} 49. Be8 Bf5 50. Rxe3 Kf6 51. Kd2 Be4 52. Bh5 Rh2+ 53. Re2 Rh4 54. Kc3 Kf5 (54... Bf5 $5 55. Be8 $8 Rh3+ 56. Kb2 Rg3 $11) 55. Bf7 Rh3+ 56. Kb2 Kf4 57. Bd5 Bd3 58. Re1 b6 59. Rh1 Rg3 60. Re1 Bf5 61. Re7 Rh3 62. Re2 Bd3 63. Re6 Rh2+ 64. Kc1 $2 {[#]} (64. Ka1 $1 $11 {und Weiss steht sicher.}) 64... Rc2+ ({Günstiger ist} 64... Bf5 $1 $19 {[%cal Rf5e6]} 65. Rf6 (65. Rxb6 Rc2+ 66. Kd1 Rb2 $11) 65... Rf2) 65. Kd1 (65. Kb1 $1 $15) 65... Rb2 $19 66. Rxb6 (66. Re8 {war nötig.}) 66... Ke3 {[%cal Rb2b1]} 67. Re6+ Kd4 68. Ke1 Kc3 (68... Rxb3 $19 {ist viel giftiger.} 69. Rh6 Bxc4 70. Bxc4 Kxc4) 69. Re3 (69. Re8 $17) 69... Rxb3 70. Rg3 Kb4 71. Bc6 $2 (71. Rg8 {kämpft weiter.}) 71... Bxc4 {Schwarz steht klar auf Gewinn.} 72. Rg4 (72. Rg7 $142 Re3+ 73. Kf2 Re2+ 74. Kg3) 72... Rd3 73. Rg7 Rd6 74. Rb7+ Kc3 75. Bb5 Bb3 76. Ra7 (76. Rh7 $142 Kb4 77. Ke2) 76... Kb4 77. Rc7 c4 78. Rb7 Bxa4 {Precision: Weiß = 50%, Schwarz = 64%.} 0-1

[Event "8th RTU Open 2018"]
[Site "Riga"]
[Date "2018.08.11"]
[Round "8"]
[White "Kaczur, Florian"]
[Black "Hedman, Erik"]
[Result "1/2-1/2"]
[WhiteElo "2482"]
[BlackElo "2370"]
[Annotator "TA"]
[PlyCount "55"]
[EventDate "2018.08.06"]
[EventType "swiss"]
[EventCountry "LAT"]
[SourceTitle "playchess.com"]
[Source "ChessBase"]
[SourceQuality "1"]

{[%evp 17,55,18,20,41,23,40,35,21,38,-12,15,5,42,18,12,0,0,-1,0,0,0,0,0,0,0,0,15,20,89,-68,0,0,0,0,0,-8,-6,-8,-8,-8]} 1. e4 c5 2. Nf3 Nc6 3. Bb5 d6 4. Bxc6+ bxc6 5. O-O e5 6. c3 f5 7. exf5 {B51: Sicilian: Moscow Variation (3 Bb5+) without 3...Bd7} Be7 8. d4 e4 9. Nfd2 Nf6 {LiveBook: 8 Games} 10. dxc5 d5 11. Nb3 Bxf5 12. Be3 $146 ({Predecessor:} 12. Bf4 Bg4 13. Qd4 {½-½ (13) Spasov,V (2573)-Solak,D (2592) Kragujevac 2013}) 12... O-O 13. N1d2 {[%cal Bb1d2,Bd2f3,Bf3d4][%mdl 32]} (13. c4 $5) 13... Qe8 14. f3 exf3 15. Nxf3 Ne4 16. Qe1 a5 17. a4 Rb8 $36 {[%mdl 2048] Black has good play.} 18. Nfd4 Bg4 19. Rxf8+ Bxf8 20. Bf4 Rb7 21. Bd6 Nxd6 22. cxd6 Qg6 {[#]} (22... Qxe1+ $11 23. Rxe1 Bxd6) 23. Qh4 $2 (23. Nxa5 $6 Rxb2 24. Qc1 Rxg2+ 25. Kxg2 Bh5+ 26. Kf1 Qf6+ 27. Kg1 Qg6+ 28. Kf2 Qf6+ 29. Kg1 Qg6+ 30. Kh1 Qe4+ 31. Kg1 Qg4+ 32. Kf1 Qh3+ 33. Kg1 Qg4+ 34. Kf2 Qh4+ 35. Kg1 Qg4+ $11) ({White should play} 23. Qd2 $1 $16) 23... Rb8 (23... h6 $15) 24. Re1 {The position is equal.} ({Of course not} 24. h3 Bd7 $17) 24... Bd7 25. Nc5 Qxd6 ({But not} 25... Rxb2 $2 26. Qg3 $18) 26. Nxd7 Qxd7 27. Re2 Bc5 28. Qf4 {Precision: White = 73%, Black = 55%.} 1/2-1/2

[Event "8th RTU Open 2018"]
[Site "Riga"]
[Date "2018.08.11"]
[Round "8"]
[White "Leenhouts, Koen"]
[Black "Nikitenko, Mihail"]
[Result "1/2-1/2"]
[WhiteElo "2475"]
[BlackElo "2374"]
[Annotator "TA"]
[PlyCount "140"]
[EventDate "2018.08.06"]
[EventType "swiss"]
[EventCountry "LAT"]
[SourceTitle "playchess.com"]
[Source "ChessBase"]
[SourceQuality "1"]

{[%evp 31,140,20,12,-40,-40,-31,-31,-47,-29,-19,-22,-28,0,0,0,0,0,0,0,-295,-271,-267,-193,-219,-208,-231,-243,-231,-211,-220,-202,-233,-218,-247,-237,-249,-205,-508,-334,-236,-240,-556,-556,-552,-555,-505,-111,-114,16,-541,16,16,16,16,16,16,16,16,16,16,16,16,16,16,16,16,19,19,19,19,19,19,19,16,19,18,19,18,19,11,18,16,33,11,16,16,19,11,19,19,19,19,19,19,19,19,19,19,19,19,19,19,19,19,19,19,19,0,19,0,0]} 1. e4 e5 2. Nf3 Nc6 3. Bb5 a6 4. Ba4 Nf6 5. O-O Nxe4 6. d4 b5 7. Bb3 d5 8. dxe5 Be6 9. Qe2 Be7 10. Rd1 O-O 11. c4 bxc4 12. Bxc4 Bc5 13. Be3 Bxe3 14. Qxe3 Qb8 15. Bb3 Qb6 16. Qxb6 {C81: Open Ruy Lopez: Keres Variation (9 Qe2)} cxb6 {LiveBook: 20 Games} 17. Nbd2 (17. Na3 $11) (17. Na3 Rfd8 18. Nc2 Nc5 19. Ncd4 Na5 20. Bc2 Nc4 21. b3 Na3 22. Bd3 Rac8 23. Nxe6 fxe6 {½-½ (34) Zhigalko,S (2638)-Anton Guijarro,D (2651) Heraklio 2017}) 17... Nc5 $15 18. Nf1 $146 {Black is slightly better.} ({Predecessor:} 18. Bc2 d4 19. Nb3 Bxb3 20. Bxb3 Nxb3 21. axb3 Rfd8 22. Rac1 Rac8 23. Kf1 d3 24. Rc3 Nb4 25. Ke1 Kf8 26. Kd2 Na2 27. Rxc8 Rxc8 28. Kxd3 Nc1+ 29. Ke3 Nxb3 30. Rd7 h6 {½-½ (30) Barrientos Chavarriaga,S (2477)-Khmelniker,I (2483) Collado Villalba 2010}) 18... Rfd8 19. Rac1 a5 20. Ne3 {[%cal Rb3d5]} Nb4 21. Rd4 a4 22. Bxd5 $1 Nxd5 23. Rcd1 {[%cal Re3d5]} a3 24. bxa3 $1 {[%cal Re3d5]} Ra4 {...Rxd4 is the strong threat.} 25. R4d2 $2 {[%mdl 8192]} (25. Nxd5 $11 {and White is okay.} Rxd4 26. Ne7+ Kf8 27. Nxd4 Rxd4 28. Rxd4 Kxe7 29. Rb4) 25... Ne4 $19 ({Worse is} 25... Rxa3 26. Nxd5 Kf8 27. Nc7 $14 (27. Nxb6 Rxd2 28. Nxd2 Rxa2 $14)) 26. Rd3 {[%cal Re3d5]} Rf8 27. Rxd5 Nc3 28. Rd6 Nxd1 29. Nxd1 Rb8 ({But not} 29... Bxa2 30. Rxb6 Rxa3 31. Ne3 $17) 30. Nd4 Rxa3 31. Ne3 Rxa2 {White must now prevent ...Ra1+.} 32. f4 g6 33. Nxe6 fxe6 34. Rxe6 $2 {[%mdl 4096] Endgame KRR-KRN} (34. Ng4 Ra7 35. Nf6+ Kg7 36. Nd7) 34... Ra7 35. Nd5 b5 $1 {[%cal Rb5b4] aiming for ...b4.} 36. Rd6 $2 (36. Nb4) 36... b4 37. e6 {[#]} Kf8 $1 38. e7+ {[#]} Ke8 $2 (38... Rxe7 $1 $19 39. Nxe7 Kxe7) 39. Re6 $17 b3 (39... Rab7 $17 {And now ...b3 would win.} 40. Re4 b3 41. Nf6+ Kf7 42. e8=Q+ Rxe8 43. Nxe8 b2 44. Nd6+ Kg7) 40. Nf6+ $11 Kf7 {[#]} 41. Rb6 $1 {[%cal Rb6b8][%mdl 512]} Rxe7 ({Of course not} 41... Ra1+ $6 42. Kf2 $16) (41... Rxb6 42. e8=Q+) 42. Rxb8 Kxf6 {KR-KR} 43. Kf2 g5 44. fxg5+ Kxg5 45. Rb5+ Kg6 46. Rxb3 Re6 47. Kf3 h6 48. Kf4 Ra6 49. Rg3+ Kf6 50. Kg4 Kg6 51. Kh4+ Kh7 52. Rb3 Kg6 53. Rb4 Rc6 54. Rd4 Ra6 55. Kg4 Rb6 56. Kf4 Kf6 57. Ke4 Rb2 {The position is equal.} 58. Kf3 Rb6 59. Rg4 Kf7 60. Kg3 Rb3+ 61. Kh4 Rb5 62. Ra4 Kg7 63. Ra7+ Kg6 64. Ra6+ Kg7 65. g3 {[%cal Bg2g3,Bg3g4][%mdl 32]} Rb4+ 66. g4 Rb3 67. Re6 Ra3 68. Re2 Kg6 69. Rg2 Ra4 70. Kh3 h5 {Precision: White = 65%, Black = 59%.} 1/2-1/2